| 000 | 00364pam a2200145 a 4500 | ||
|---|---|---|---|
| 020 |
_a81-239-0969-1 _c |
||
| 041 | _aeng | ||
| 082 |
_a574.192 _bVAR |
||
| 100 | _aVarley, H. | ||
| 245 |
_aPractical Clinical Biochemistry _hTextual Documents |
||
| 260 |
_aNew Delhi _bCBS Publishers & Distributors _c2005 |
||
| 300 | _a802. | ||
| 653 | _aBiochemistry | ||
| 930 | _a3129 | ||
| 999 |
_c76397 _d76397 |
||